000 00802nam a2200217Ia 4500
008 160628s9999 xx 000 0 und d
050 _aRC 941
050 _b.Ar711 2016
100 _aAriño, Jhoncel B.
245 _aCompliance rate on the use of gonadal shielding during chest radiography and the years of experience of the radiologic technologists in different hospitals in Las Pinas, Muntinlupa, and Parañaque City /
245 _cJhoncel B. Ariño, Christian B. Ariño, Kevin E. Pamintuan, Raniel A. Ratio.
260 _aLas Piñas, Philippines :
260 _bSISC,
260 _c2016.
300 _a69 pages :
300 _billustrations ;
300 _c28 cm.
500 _aIncludes bibliographical references and appendices.
650 _aChest - Radiography.
942 _cTH
999 _c296208
_d296208